|
|
|
|
| LEADER |
00000nam0a2200000 4500 |
| 001 |
276282 |
| 005 |
20231101234914.0 |
| 020 |
|
|
|a RU
|b 86-9531
|
| 035 |
|
|
|a (RuTPU)RU\TPU\book\299541
|
| 090 |
|
|
|a 276282
|
| 100 |
|
|
|a 20141120d1986 k a0rusy5003 ca
|
| 101 |
0 |
|
|a rus
|
| 102 |
|
|
|a RU
|
| 105 |
|
|
|a y z 001zy
|
| 200 |
1 |
|
|a Гомологии аналитических пучков и теоремы двойственности
|f В. Д. Головин
|
| 210 |
|
|
|a Москва
|c Наука
|d 1986
|
| 215 |
|
|
|a 192 с.
|
| 320 |
|
|
|a Библиогр.: с. 184-190
|
| 320 |
|
|
|a Предм. указ.: с. 191
|
| 606 |
1 |
|
|a Двойственность
|x Топологические проблемы
|2 stltpush
|3 (RuTPU)RU\TPU\subj\60996
|9 78213
|
| 610 |
1 |
|
|a аналитические пучки
|
| 610 |
1 |
|
|a гомологии
|
| 610 |
1 |
|
|a теория
|
| 610 |
1 |
|
|a теоремы двойственности
|
| 610 |
1 |
|
|a теорема Лефшеца
|
| 675 |
|
|
|a 515.1
|v 3
|
| 700 |
|
1 |
|a Головин
|b В. Д.
|g Виктор Дмитриевич
|
| 801 |
|
0 |
|a RU
|b RuMRKP
|c 19950704
|g psbo
|
| 801 |
|
1 |
|a RU
|b 63413507
|c 20141120
|
| 801 |
|
2 |
|a RU
|b 63413507
|c 20170331
|g RCR
|
| 942 |
|
|
|c BK
|